<The> Nord Stream Project and Its Impact on Slovakia

Charakteristika projektov Nord Stream a Nord Stream 2 a ich vplyv na postavenie Slovenska na poli energetiky. Grafické zobrazenie pozície po vybudovaní plynovodov Nord Stream.

Saved in:
Bibliographic Details
Main Author: Stašková, Lenka
Other Authors: Coroničová Hurajová, Jana, 1986-
Format: Book Chapter
Language:English
Subjects:
Tags: Add Tag
No Tags, Be the first to tag this record!

MARC

LEADER 00000nla a2200000 4500
001 0240462
005 20240502073916.1
041 0 |a eng 
044 |a SK 
245 1 0 |a <The> Nord Stream Project and Its Impact on Slovakia  |c Lenka Stašková, Jana Coroničová Hurajová 
520 |a Charakteristika projektov Nord Stream a Nord Stream 2 a ich vplyv na postavenie Slovenska na poli energetiky. Grafické zobrazenie pozície po vybudovaní plynovodov Nord Stream. 
610 2 0 |a projektovanie 
610 2 0 |a plynovody 
610 2 0 |a energetika 
610 2 0 |a doprava potrubná 
100 1 |a Stašková, Lenka 
700 1 |a Coroničová Hurajová, Jana, 1986-